000 00508nam a2200181Ia 4500
003 LK-CoDNM
008 010623t1970 xxu||||| |||| 00| 1 sin d
040 _aLK-CoDNM
_dLK-CoDNM
_eLK-CoDNM
041 _asin
080 _a(x) 82.9
_bWIC
100 _aWickramasinghe, Martin
245 _aචැකොෆ් හා ලංකාව
246 _aChakop haa Lankawa
260 _bJathika grantha sanwardena mandalaya
_aBattaramulla
_c1970
300 _b(v)65, 21.5 cm
650 _aLiterature
942 _cBK
999 _c108204
_d108204